<?xml version="1.0" encoding="UTF-8"?><?xml-stylesheet type="text/xsl" href="static/style.xsl"?><OAI-PMH xmlns="http://www.openarchives.org/OAI/2.0/" xmlns:xsi="http://www.w3.org/2001/XMLSchema-instance" xsi:schemaLocation="http://www.openarchives.org/OAI/2.0/ http://www.openarchives.org/OAI/2.0/OAI-PMH.xsd"><responseDate>2026-06-02T11:09:20Z</responseDate><request verb="GetRecord" identifier="oai:riuma.uma.es:10630/29051" metadataPrefix="marc">https://riuma.uma.es/rest/oai/request</request><GetRecord><record><header><identifier>oai:riuma.uma.es:10630/29051</identifier><datestamp>2026-02-03T11:56:42Z</datestamp><setSpec>com_10630_2254</setSpec><setSpec>col_10630_37959</setSpec></header><metadata><record xmlns="http://www.loc.gov/MARC21/slim" xmlns:dcterms="http://purl.org/dc/terms/" xmlns:doc="http://www.lyncode.com/xoai" xmlns:xsi="http://www.w3.org/2001/XMLSchema-instance" xsi:schemaLocation="http://www.loc.gov/MARC21/slim http://www.loc.gov/standards/marcxml/schema/MARC21slim.xsd">
   <leader>00925njm 22002777a 4500</leader>
   <datafield ind2=" " ind1=" " tag="042">
      <subfield code="a">dc</subfield>
   </datafield>
   <datafield ind2=" " ind1=" " tag="720">
      <subfield code="a">González-Román, María del Carmen</subfield>
      <subfield code="e">author</subfield>
   </datafield>
   <datafield ind2=" " ind1=" " tag="260">
      <subfield code="c">2024</subfield>
   </datafield>
   <datafield ind2=" " ind1=" " tag="520">
      <subfield code="a">Los fastos contribuyeron durante la Edad Moderna a forjar la identidad cristiana frente al musulmán. La intención de diferenciarse del «moro»  tendría su origen en la conquista de al-Andalus y sería impulsada por la necesidad de dotar de unidad e identidad a los reinos cristianos. Teniendo en cuenta la distancia temporal entre la conquista de Sevilla por Fernando III (1248) y las fiestas en dicha ciudad por la canonización del rey (1671), cabría considerar que la imagen del moro en el aparato efímero levantado en su honor en la catedral hispalense es una FAKE VIEW. Se trata de una imagen híbrida y estereotipada entre el moro y el turco. Siendo el Gran Turco el verdadero peligro en la Europa de aquellos siglos, no es de extrañar que fueran sus símbolos más representativos los que acabaran generando unos estereotipos que, en un complejo proceso, han llegado incluso a los fastos de hoy.</subfield>
   </datafield>
   <datafield ind1="8" ind2=" " tag="024">
      <subfield code="a">https://hdl.handle.net/10630/29051</subfield>
   </datafield>
   <datafield tag="653" ind2=" " ind1=" ">
      <subfield code="a">Estereotipo (Psicología) - Congresos</subfield>
   </datafield>
   <datafield ind2="0" ind1="0" tag="245">
      <subfield code="a">Falsos estereotipos. La imagen del "moro" en las fiestas por la canonización de Fernando III el Santo.</subfield>
   </datafield>
</record>
</metadata></record></GetRecord></OAI-PMH>